000 00311nam a22001337a 4500
008 181107b xxu||||| |||| 00| 0 eng d
020 _a0312115040
041 _aeng
080 _a573
100 _a11
101 _aBIO
245 _aWriting Papers in the Biological Sciences
_cMcMillan, V.E
942 _2udc
_cBK
999 _c52242
_d52242